| Tag |
First Indicator |
Second Indicator |
Subfields |
| LEADER |
00000cam a2200000 a 4500 |
| 001 |
in00000033069 |
| 005 |
20151007055116.0 |
| 008 |
831112c19831971ilu b 00010 eng d |
| 020 |
|
|
|a 0881330221
|
| 035 |
|
|
|a (OCoLC)10123753
|
| 035 |
|
|
|9 AAB7280AM
|
| 040 |
|
|
|a IMS
|c IMS
|d NJS
|d TXA
|d UtOrBLW
|
| 043 |
|
|
|a n-us---
|
| 049 |
|
|
|a TXAM
|c [A09849539]
|
| 050 |
|
4 |
|a LC2801
|b .R68 1983
|
| 082 |
0 |
4 |
|a 371.967
|
| 100 |
1 |
|
|a Rosenfeld, Gerry,
|d 1933-
|
| 245 |
1 |
0 |
|a "Shut those thick lips!" :
|b a study of slum school failure /
|c Gerry Rosenfeld.
|
| 264 |
|
1 |
|a Prospect Heights, Ill. :
|b Waveland Press,
|c 1983
|
| 264 |
|
4 |
|c ©1971
|
| 300 |
|
|
|a viii, 120 pages ;
|c 23 cm.
|
| 336 |
|
|
|a text
|b txt
|2 rdacontent
|
| 337 |
|
|
|a unmediated
|b n
|2 rdamedia
|
| 338 |
|
|
|a volume
|b nc
|2 rdacarrier
|
| 504 |
|
|
|a Bibliography: pages [116]-120.
|
| 650 |
|
0 |
|a African Americans
|x Education.
|
| 999 |
|
|
|a MARS
|
| 999 |
f |
f |
|s d1d6638d-706f-3149-b15a-ed756b635ca2
|i 44bcc095-815c-306f-865f-f35d44e4f6cc
|t 0
|
| 952 |
f |
f |
|p normal
|a Texas A&M University
|b College Station
|c Sterling C. Evans Library
|d Evans: Library Stacks
|t 0
|e LC2801 .R68 1983
|h Library of Congress classification
|i unmediated -- volume
|m A14809849539
|
| 998 |
f |
f |
|a LC2801 .R68 1983
|t 0
|l Evans: Library Stacks
|